Longman preparation course for the TOEFL test

Wedi'i Gadw mewn:
Manylion Llyfryddiaeth
Prif Awdur: Phillips, Deborah
Fformat: Llyfr
Iaith:Undetermined
Cyhoeddwyd: New York Longman 2002
Pynciau:
Tagiau: Ychwanegu Tag
Dim Tagiau, Byddwch y cyntaf i dagio'r cofnod hwn!
Thư viện lưu trữ: Trung tâm Học liệu Trường Đại học Cần Thơ
LEADER 00640nam a2200217Ia 4500
001 CTU_103083
008 210402s9999 xx 000 0 und d
020 |c 12000 
082 |a 428.0076 
082 |b P558/CD.5 
100 |a Phillips, Deborah 
245 0 |a Longman preparation course for the TOEFL test 
245 0 |c Deborah Phillips 
260 |a New York 
260 |b Longman 
260 |c 2002 
650 |a English language 
650 |x Study and teaching 
904 |i Vương 
910 |a Mai chuyển số PL từ 428.24 thành 428.0076 chưa in nhãn 
980 |a Trung tâm Học liệu Trường Đại học Cần Thơ